1259 1998 1378 1766 1091 1110 1641 1930 1558 1822 1306 1001 1373 1863 1113 1196 1070 1891 1451 1244 1663 1235 1936 1802 1122 1628 1791 1038 1626 1029 1279 1111 1420 1798 1658 1413 1397 1624 1814 1826 1048 1364 1083 1003 1303 1448 1259 1931 1561 1550 1771 1540 1612 1500 1590 1361 1780 1478 1128 1571 1513 1012 1578 1451 1672 1357 1964 1609 1060 1000 1435 1288 1087 1076 1246 1647 1667 1532 1603 1383 1984 1716 1638 1522 1434 1349 1885 1083 1403 1188 1808 1410 1494 1719 1925 1370 1842 1855 1411 BCNSPRNW ULIB Ver.6.0+V

เปลี่ยนเป็นภาษาไทย

Change to English
 แสดงรายละเอียดบรรณานุกรม
  กลับหน้าหลัก

Brief Record : Get Marc (ISO 2709) : E-mail record : QR code < ปิดหน้าต่าง
LEADER : 00000nam 2200000uu 4500
001    13399114680
003     ULIB
008    120429s2555||||th 000 0 tha d
020    ^a9786162830006
050  4 ^aDS586^bก169พ
110 2  ^aกรมศิลปากรม, สำนักจดหมายเหตุแห่งชาติ
245 10 ^aพระบาทสมเด็จพระเจ้าอยู่หัวกับการศึกษา /^cกรมศิลปากรม, สำนักจดหมายเหตุแห่งชาติ
260    ^aกรุงเทพฯ :^bอมรินทร์พริ้นติ้งแอนด์พับลิชชิ่ง,^c2555
300    ^a200 หน้า :^bภาพประกอบ ;^c27 ซม.
600 07 ^aภูมิพลอดุลยเดช,^cพระบาทสมเด็จพระปรมินทรมหา,^d2470- ^xพระราชกรณียกิจ
650  4 ^aการศึกษา^zไทย
945    ^p0^l0^i18980
995    ^aเกษร
999    ^aใช้งานได้ทุกระบบ
รายการนี้ยังไม่มีแท็ก
คุณยังไม่ได้ล็อกอิน คุณสามารถมีกิจกรรมร่วมกับเว็บไซต์ได้ แต่ต้องล็อกอินก่อน ::
  ล็อกอิน

รายการสื่อสารสนเทศ

ลำดับที่ ประเภท เลขเรียก/บาร์โค้ด สถานที่ สถานะ
- ไม่พบข้อมูล -

BibComment


ยังไม่เคยถูกคอมเมนท์

คอมเมนท์ทรัพยากรรายการนี้
  คอมเมนท์: พระบาทสมเด็จพระเ..


 Copyright 2026. Bcnsprnw @Library